Quelques Pays et Capitales - Statistiques

Statistiques générales
  • Ce quiz a été pris 192 fois
  • Le résultat moyen est 67 sur 75
Statistiques - réponses
Question Tuile Select % Correct
Le vrai nom de pays Baurisse Non
99%
Le vrai nom de pays Enceur Non
99%
Le vrai nom de pays Harry-Johnny Non
99%
Le vrai nom de pays Harry-Tiffany Non
99%
Le vrai nom de pays Johnson Non
99%
Le vrai nom de pays KarlandSmaï😎 Non
99%
Le vrai nom de pays Kookstan Non
99%
Le vrai nom de pays Lit-Jonny Non
99%
Le vrai nom de pays Pacalou Non
99%
Le vrai nom de pays Piou Non
99%
Le vrai nom de pays P-Talou Non
99%
Le vrai nom de pays Yeah Non
99%
Le vrai nom de pays Zemmtan Non
99%
Le vrai nom de pays Bougalou Non
98%
Le vrai nom de pays Jean Non
98%
Le vrai nom de pays Kozostan Non
98%
Le vrai nom de pays Patrice Non
98%
Le vrai nom de pays Philippe Non
98%
Le vrai nom de pays Q Non
98%
Le vrai nom de pays Bozostan Non
97%
Le vrai nom de pays C-Shell Non
96%
Le vrai nom de pays Frençe Non
95%
Le vrai nom de pays Ô Triche Non
95%
Le vrai nom de pays Maurice Oui
92%
Le vrai nom de pays Burkina Faccio Non
91%
Le vrai nom de capitale &(●'◡'●)& Non
89%
Le vrai nom de capitale Chlorure de Sodium Non
89%
Le vrai nom de capitale Country Non
89%
Le vrai nom de capitale Crousti Cho Non
89%
Un pays et une capitale valide Dè-et_lol Non
89%
Le vrai nom de capitale Delaxin Non
89%
Le vrai nom de capitale Deuji Non
89%
Un pays et une capitale valide Disuit Non
89%
Un pays et une capitale valide Djo Non
89%
Le vrai nom de capitale Eguuh Non
89%
Un pays et une capitale valide Gromu Non
89%
Un pays et une capitale valide Haiyter Non
89%
Le vrai nom de capitale Hneyhmel Non
89%
Un pays et une capitale valide Ilyez Non
89%
Un pays et une capitale valide Jaaj Non
89%
Un pays et une capitale valide Jeanstan Non
89%
Le vrai nom de capitale Jojlomj Non
89%
Le vrai nom de capitale Jus Non
89%
Le vrai nom de capitale Mé2ulet Non
89%
Un pays et une capitale valide Moule Non
89%
Le vrai nom de capitale Pidji Non
89%
Un pays et une capitale valide Snarganelle Non
89%
Le vrai nom de capitale Tild-Olo Non
89%
Un pays et une capitale valide Xzou Non
89%
Un pays et une capitale valide Yujiko Non
89%
Un pays et une capitale valide Zruy-Gu Non
89%
Un pays et une capitale valide Aqeit Non
88%
Le vrai nom de capitale Dodé Non
88%
Un pays et une capitale valide Eiytrou Non
88%
Le vrai nom de capitale Flubljina Non
88%
Un pays et une capitale valide Gilles Non
88%
Le vrai nom de capitale Lakott Non
88%
Un pays et une capitale valide Queifhou Non
88%
Le vrai nom de capitale Rasõtt Non
88%
Le vrai nom de capitale Taite Non
88%
Un pays et une capitale valide Uire Non
88%
Le vrai nom de capitale Wagatukite Non
88%
Le vrai nom de capitale Xoa Non
88%
Le vrai nom de capitale Dazur Non
87%
Un pays et une capitale valide Montand Non
87%
Un pays et une capitale valide Valide Non
87%
Le vrai nom de capitale Non
86%
Un pays et une capitale valide Jiteja Non
86%
Un pays et une capitale valide Ouzret Non
86%
Un pays et une capitale valide Fidji Oui
85%
Un pays et une capitale valide Saint-Clément-et-Rivières Non
85%
Le vrai nom de capitale Kalamu Non
84%
Le vrai nom de capitale Tombouctou Non
56%
Un pays et une capitale valide Nouakchott Oui
54%
Le vrai nom de capitale Honiara Oui
39%
Aucun quiz correspondant
Distribution des résultats
% des personnes avec chaque résultat
Percentile par nombre de réponses
Votre historique - résultats
Vous n’avez pas pris ce quiz